000 00959nam a2200241Ia 4500
003 Ost
005 20260507075512.0
008 260507s9999||||xx |||||||||||||| ||und||
020 _a9789957331535
040 _cfsecg
041 _aara
082 _a330
100 _aرجب، مصطفى
_eمؤلف
245 0 _aالعولمة ذلك الخطر القادم :
_bأسبابها-تداعياتها الإقتصادية-آثارها التربوية /
_c مصطفى رجب
260 _aعمان:
_bمؤسسة الوراق,
_c2008
300 _a198 صفحة؛
_c24 سم
504 _aببليوغرافيا:ص ص.189-198
520 _aالعولمة وتداعياتها الاقتصادية،أهداف وظائف الإعلانات،الآثار الإجتماعية والاقتصادية للإعلان،المدرسة والتربية
653 _aالإقتصاد
653 _aالتربية
653 _aالعولمة
942 _cكتاب
999 _c44740
_d44740